000 00648nam a2200229 a 4500
001 66517
003 BD-RjUL
005 20211209081542.0
008 170316s1993 ii a 001 0 eng d
035 _a(BD-RjUL)66647
040 _aDLC
_cDLC
_dBD-RjUL
_beng
041 _aeng
082 0 0 _a005.7565
_223
_bSIU 1993
100 1 _aSimpson, Alan
_9196876
245 1 0 _aUnderstanding dBASE IV 1.5 for DOS /
_cAlan Simpson
250 _a3rd ed.
260 _aNew Delhi :
_bBPB Publications,
_cc1993.
300 _axlii, 1002 p. :
_bill. ;
_c23 cm.
500 _aIncludes index.
650 _aDOS (Computer operating system)
_9196877
942 _2ddc
_cBK
999 _c66517
_d66517